Statistiques concernant Culture Générale - Série 2039

Cliquez ici pour prendre le quiz!

Statistiques générales

  • Ce quiz a été pris 31 fois
  • Le résultat moyen est 4 sur 10

Statistiques - réponses

Question Réponse % Correct
L'oiseau de mer en photo est un fou de ....Bassan
85%
Action de voyager en dehors des sentiers battus, en dehors des lieux touristiques - 8 lettres commençant par " b "barouder
63%
On l'appelle étendoir ou sèche linge ou ..... (nom d'un pont français)tancarville
56%
Quelle plante potagère est appelée cabus ou pommé ?chou
48%
Qu'appelle-t-on "blé d'inde" au Québec ?maïs
41%
Quel gynécologue japonais a donné son nom à une méthode de contraception chez la femme, appelée aussi "méthode du calendrier " ?Ogino
37%
Dans les années 1960, qui incarnait "Thierry la fronde" à la télévision ?Jean Claude Drouot
37%
Quel mot désigne le galop d'essai d'un cheval de course ?canter
7%
Qui incarne Noé dans le film de Darren Aronofsky de 2014 ?Russell Crowe
7%
Registre où sont inscrits le nom des morts et la date anniversaire de leur sépulture afin de célébrer des offices religieux pour le repos de leur âmeobituaire
4%

Distribution des résultats

Percentile by Number Answered

% des personnes avec chaque résultat

Votre développement - résultats

Vous n’avez pas pris ce quiz